000
00235 a2200097 4500
001
51859
100
_a
Hornby, A S
245
_a
Oxford Advanced Learner's Dictionary of Current English
260
_a
_b
Oxford
_c
090
_c
32752
_d
32752
942
_a
NUST-CAE
_c
M
_c
25283
999
_c
286932
_d
286932